GROUP COUNSELING THEORYAND PRACTICE (Record no. 12358)

MARC details
000 -LEADER
fixed length control field 00404nam a22001697a 4500
003 - CONTROL NUMBER IDENTIFIER
control field OSt
005 - DATE AND TIME OF LATEST TRANSACTION
control field 20211013111205.0
008 - FIXED-LENGTH DATA ELEMENTS--GENERAL INFORMATION
fixed length control field 211013b |||||||| |||| 00| 0 eng d
020 ## - INTERNATIONAL STANDARD BOOK NUMBER
International Standard Book Number 0133651568
040 ## - CATALOGING SOURCE
Transcribing agency HU
082 ## - DEWEY DECIMAL CLASSIFICATION NUMBER
Classification number 158.5/GEO
100 ## - MAIN ENTRY--PERSONAL NAME
Personal name RICKEY L. GEORGE
9 (RLIN) 12975
245 ## - TITLE STATEMENT
Title GROUP COUNSELING THEORYAND PRACTICE
260 ## - PUBLICATION, DISTRIBUTION, ETC.
Place of publication, distribution, etc. AMERICA
Name of publisher, distributor, etc. HALL
Date of publication, distribution, etc. 1988
300 ## - PHYSICAL DESCRIPTION
Extent 256P
942 ## - ADDED ENTRY ELEMENTS (KOHA)
Source of classification or shelving scheme Dewey Decimal Classification
Koha item type Books like text book referance book
Suppress in OPAC No
Holdings
Withdrawn status Lost status Source of classification or shelving scheme Damaged status Not for loan Home library Current library Shelving location Date acquired Total Checkouts Full call number Barcode Date last seen Copy number Price effective from Koha item type
    Dewey Decimal Classification     Social Library Social Library General Stacks 10/13/2021   158.5/GEO SHLIB00009877 10/13/2021 1 10/13/2021 Books like text book referance book